| 000 | 00464nam a22001577a 4500 | ||
|---|---|---|---|
| 003 | OSt | ||
| 005 | 20260119115639.0 | ||
| 008 | 260119b |||||||| |||| 00| 0 eng d | ||
| 040 | _cMRSPTU | ||
| 041 | _aENG | ||
| 100 | _aPARUL MITTAL, Supervisor: Dr. Paramjeet Singh | ||
| 245 | _aOPTIMIZATION IN POWER EFFICIENT GATHERING IN SENSOR INFORMATION SYSTEM | ||
| 260 |
_bDepartment of CSE, MRSPTU , Bathinda _c2015 |
||
| 650 | _aComputer Science | ||
| 942 |
_2ddc _cTH _n0 |
||
| 999 |
_c10675 _d10675 |
||